[Event "AUTO-OPEN-2803"]
[Site "http://www.queenalice.com/game.php?id=1107434"]
[Date "2012.9.29"]
[Round "1"]
[White "DaviBoeing"]
[Black "axgruben"]
[Result "0-1"]
[WhiteElo "1637"]
[BlackElo "1646"]

1. e4 c5 2. Bc4 Nc6 3. Qf3 Nf6 4. Qb3 e6 5. Nf3 Nxe4 6. d3 Nf6 7. Bg5 a6 8. d4
d5 9. Be2 cxd4 10. O-O h6 11. Bxf6 Qxf6 12. Bd3 Bd6 13. Nbd2 O-O 14. a3 b5 15.
a4 bxa4 16. Qxa4 Bd7 17. Qb3 Rfb8 18. Qa2 Nb4 19. Qb1 e5 20. Be2 e4 21. Ne1 Qf4
22. g3 Qxd2 23. Bd1 Bb5 24. c3 dxc3 25. bxc3 Bxf1 26. Kxf1 Nd3 27. Be2 Rxb1 28.
Rxb1 Nc1 29. Bg4 Bc5 30. Kg1 Qxf2+ 31. Kh1 Qf1# 0-1

[Event "AUTO-BEG-551"]
[Site "http://www.queenalice.com/game.php?id=1107748"]
[Date "2012.9.29"]
[Round "2"]
[White "marconilho"]
[Black "DaviBoeing"]
[Result "1-0"]
[WhiteElo "1693"]
[BlackElo "1621"]

1. e4 e5 2. Bc4 Nc6 3. Nf3 Nd4 4. Nxe5 Nh6 5. d3 d6 6. Nf3 c5 7. Ng5 Be7 8. Nf3
Bg4 9. Nc3 O-O 10. Nd5 b5 11. Bb3 Bxf3 12. gxf3 a5 13. a3 a4 14. Ba2 c4 15. dxc4
bxc4 16. Qxd4 Bf6 17. Nxf6+ Qxf6 18. Qxf6 gxf6 19. Bxh6 Rfe8 20. Bxc4 Rec8 21.
Rg1+ Kh8 22. Bxf7 Rg8 23. Bxg8 Rxg8 24. Rxg8+ Kxg8 25. b4 Kf7 26. b5 Ke7 27. b6
Kd7 28. b7 Kc7 29. Rb1 Kb8 30. Bf8 1-0

[Event "AUTO-BEG-551"]
[Site "http://www.queenalice.com/game.php?id=1107749"]
[Date "2012.9.29"]
[Round "2"]
[White "DaviBoeing"]
[Black "marconilho"]
[Result "0-1"]
[WhiteElo "1624"]
[BlackElo "1703"]

1. e4 e5 2. Qh5 Qe7 3. Nc3 Nf6 4. Qf3 g6 5. Nb5 Kd8 6. Qc3 Nc6 7. d3 Bg7 8. Bg5
b6 9. O-O-O Ba6 10. Nf3 Bxb5 11. Bxf6 Bxf6 12. h4 Qe6 13. Kb1 Na5 14. d4 Bxf1
15. Rhxf1 exd4 16. Nxd4 Qxe4 17. Rfe1 Qxg2 18. Qf3 Qxf3 19. Nxf3 Nc4 20. c3 h5
21. Ng5 Bxg5 22. hxg5 b5 23. f4 Nd6 24. b4 Nf5 25. Rd3 h4 26. Kb2 d6 27. Kb3 a6
28. a4 h3 29. axb5 axb5 30. Rh1 h2 31. c4 bxc4+ 32. Kxc4 c6 33. Kb3 Rb8 34. Kc4
Kd7 35. Kc3 Ke8 36. Kc4 Rd8 37. b5 cxb5+ 38. Kxb5 Kd7 39. Kc4 Ng7 40. Kd5 Ne6
41. Rf3 Nc5 42. Rf2 Ne6 43. f5 Nxg5 44. fxg6 fxg6 45. Rfxh2 Rxh2 46. Rxh2 Rg8
47. Ra2 Ne6 48. Ra7+ Nc7+ 49. Ke4 g5 50. Kf3 g4+ 51. Kg3 Rg7 52. Ra4 d5 53. Rd4
Kd6 54. Rxg4 Rxg4+ 55. Kxg4 d4 56. Kf3 Ke5 57. Ke2 Ke4 58. Kd2 d3 59. Kd1 Ke3
60. Ke1 d2+ 61. Kd1 Nd5 62. Kc2 Ke2 63. Kb3 d1=Q+ 64. Kc4 Ke3 65. Kc5 Nc3 66.
Kc6 Qd5+ 67. Kb6 Kd4 68. Ka6 Qb5+ 69. Ka7 Kc5 70. Ka8 Kc6 71. Ka7 Qb7# 0-1

[Event "Challenge"]
[Site "http://www.queenalice.com/game.php?id=1113259"]
[Date "2012.10.17"]
[Round "-"]
[White "DaviBoeing"]
[Black "thigo"]
[Result "1-0"]
[WhiteElo "1608"]
[BlackElo "1615"]

1. e4 e5 2. Qh5 Qf6 3. Nc3 Bc5 4. Qf3 Qxf3 5. Nxf3 Nc6 6. Nd5 Bb6 7. c4 d6 8. a4
Be6 9. a5 Bxd5 10. axb6 Bxe4 11. bxc7 Nb4 12. Rxa7 Rc8 13. Ng5 Na2 14. Nxe4 Nxc1
15. Nxd6+ Kd7 16. Nxf7 Ne7 17. Nxh8 Rxh8 18. Rxb7 Kc6 19. c8=Q+ Nxc8 20. Rxg7
Nb6 21. g4 Nxc4 22. Bxc4 Kc5 23. d3 Rb8 24. Kd2 Nb3+ 25. Bxb3 Rxb3 26. Kc2 Rb4
27. g5 Rf4 28. Rf1 h5 29. g6 Kd4 30. Rd7+ Kc5 31. g7 Rg4 32. h3 Rg6 33. f4 Kc6
34. Rf7 Kd6 35. f5 Rg3 36. f6 Ke6 37. Rf8 Kd5 38. g8=Q+ Rxg8 39. Rxg8 e4 40.
dxe4+ Kxe4 41. Re8+ Kd4 42. Rd1+ Kc4 43. Rc8+ Kb4 44. Rd7 h4 45. Rb7+ Ka4 46.
Ra8# 1-0

[Event "Challenge"]
[Site "http://www.queenalice.com/game.php?id=1116723"]
[Date "2012.10.28"]
[Round "-"]
[White "fabricioprado"]
[Black "DaviBoeing"]
[Result "1/2-1/2"]
[WhiteElo "1647"]
[BlackElo "1611"]

1. e4 e5 2. Nf3 d6 3. Bb5+ c6 4. Ba4 b5 5. Bb3 Nf6 6. d3 h6 7. c3 Qb6 8. Be3 c5
9. O-O Bg4 10. Re1 Bxf3 11. Qxf3 Nc6 12. Nd2 O-O-O 13. Bxf7 b4 14. Nc4 Qb5 15.
Reb1 a5 16. a4 Qa6 17. Bd5 Nxd5 18. Qf5+ Kb8 19. exd5 Ne7 20. Qg4 Nxd5 21. cxb4
Nxb4 22. Qd1 d5 23. Nxe5 d4 24. Bf4 Bd6 25. Qe2 Rhe8 26. Nd7+ Kc7 27. Bxd6+ Kxd6
28. Qg4 Rxd7 29. Qf4+ Kc6 30. Qf3+ Rd5 31. Qg4 g5 32. Re1 Rde5 33. Rxe5 Rxe5 34.
Qf3+ Nd5 35. Qh5 Re6 36. h3 Qxd3 37. Qf7 Qe2 38. Qa7 Rf6 39. Qa6+ Nb6 40. Qxe2
Kd5 41. Rd1 1/2-1/2

[Event "Challenge"]
[Site "http://www.queenalice.com/game.php?id=1121080"]
[Date "2012.11.11"]
[Round "-"]
[White "Shizumaru_Hisame"]
[Black "DaviBoeing"]
[Result "0-1"]
[WhiteElo "1713"]
[BlackElo "1612"]

1. e4 e5 2. Bc4 Nc6 3. Nf3 Nf6 4. d3 h6 5. O-O Bc5 6. Be3 Bxe3 7. fxe3 O-O 8. d4
exd4 9. exd4 Nxe4 10. Ne5 Nxe5 11. dxe5 c6 12. Bd3 Qb6+ 13. Kh1 Nf2+ 14. Rxf2
Qxf2 15. Nc3 Re8 16. Qg4 d5 17. Qh5 b5 18. Rf1 g6 19. Qd1 Qh4 20. g3 Qb4 21. Qc1
g5 22. Re1 d4 23. Nb1 Bb7 24. Bf1 c5+ 25. Bg2 Bxg2+ 26. Kxg2 f6 27. c3 Qc4 28.
exf6 Qd5+ 29. Kf1 d3 30. a3 Re2 31. Rxe2 Qh1+ 32. Kf2 Qxc1 33. Nd2 dxe2 0-1

[Event "OS INCLIVEIS"]
[Site "http://www.queenalice.com/game.php?id=1125122"]
[Date "2012.11.23"]
[Round "-"]
[White "adelio"]
[Black "DaviBoeing"]
[Result "0-1"]
[WhiteElo "1804"]
[BlackElo "1632"]

1. f4 e6 2. e4 Bc5 3. d4 Bb6 4. Qg4 Bxd4 5. Nf3 c5 6. Nxd4 cxd4 7. Qxg7 Qf6 8.
Qxf6 Nxf6 9. Nd2 Nc6 10. a3 d5 11. e5 Ng4 12. Nf3 Ne3 13. Bxe3 dxe3 14. Bb5 Bd7
15. Rd1 a6 16. Bxc6 Bxc6 17. Nd4 O-O 18. g4 f5 19. Nxe6 Rf7 20. Ng5 Rff8 21. Rg1
Bb5 22. gxf5 Rxf5 23. Ne6+ Kf7 24. Ng5+ Ke7 25. Nxh7 Rxf4 26. Rg7+ Ke8 27. Rg1
d4 28. Nf6+ Kf7 29. Nd5 Re4 30. Nc7 Rc8 31. e6+ Ke7 32. Rg7+ Kd6 33. Nxb5+ axb5
34. Rd7+ Kxe6 35. R7xd4 Rxd4 36. Rxd4 Rxc2 37. Re4+ Kd5 38. Rxe3 Rxh2 39. b4 Kc4
40. Kf1 Rd2 41. Ke1 Rd3 42. Re4+ Kb3 43. Re7 Kxa3 44. Rxb7 Kxb4 45. Ke2 Rc3 46.
Kd2 Rc5 47. Kd3 Rd5+ 48. Ke4 Kc4 49. Rc7+ Rc5 50. Rb7 b4 51. Ra7 b3 52. Ra1 b2
53. Rb1 Kc3 54. Ke3 Kc2 55. Rh1 b1=Q 56. Rxb1 Kxb1 57. Kd4 Rh5 58. Ke4 Kc2 59.
Kd4 Kd2 60. Ke4 Kc3 61. Ke3 Rh4 62. Ke2 Rh3 63. Kf2 Kd3 64. Kg2 Re3 65. Kf2 Kd2
66. Kg2 Ke1 67. Kh2 Kf2 68. Kh1 Rh3# 0-1

[Event "Challenge"]
[Site "http://www.queenalice.com/game.php?id=1125796"]
[Date "2012.11.25"]
[Round "-"]
[White "Doctor"]
[Black "DaviBoeing"]
[Result "0-1"]
[WhiteElo "1660"]
[BlackElo "1671"]

1. e4 e5 2. Nf3 d6 3. Nc3 c6 4. d4 exd4 5. Nxd4 c5 6. Bb5+ Bd7 7. Bxd7+ Qxd7 8.
Nf3 Nc6 9. Be3 Nf6 10. Qd2 O-O-O 11. O-O-O h6 12. h3 g5 13. Qd3 a6 14. Nd5 Nxd5
15. exd5 Nb4 16. Qb3 a5 17. a3 a4 18. Qc4 b5 19. Qg4 f5 20. Qh5 f4 21. axb4 fxe3
22. fxe3 cxb4 23. Qg4 a3 24. Kb1 Qxg4 25. hxg4 Rh7 26. Nd4 Ra7 27. Nc6 Ra8 28.
Nxd8 Kxd8 29. Kc1 Bg7 0-1

[Event "AUTO-INT-2395"]
[Site "http://www.queenalice.com/game.php?id=1130974"]
[Date "2012.12.13"]
[Round "2"]
[White "JBLOKO"]
[Black "DaviBoeing"]
[Result "0-1"]
[WhiteElo "1726"]
[BlackElo "1683"]

1. e4 e5 2. Nc3 Nc6 3. Bc4 Nf6 4. Nf3 Nd4 5. Nxe5 d5 6. exd5 Bd6 7. Nf3 Qe7+ 8.
Ne2 Nxe2 9. Qxe2 Qxe2+ 10. Kxe2 O-O 11. Re1 Bg4 12. h3 Bxf3+ 13. gxf3 Rae8+ 14.
Kd1 Rxe1+ 15. Kxe1 Re8+ 16. Kd1 Bh2 17. d4 Bg1 18. Be3 a6 19. Bf4 Bxf2 20. Kd2
Bxd4 21. c3 Bb6 22. b4 Nh5 23. Bg5 h6 0-1

[Event "AUTO-INT-2395"]
[Site "http://www.queenalice.com/game.php?id=1130975"]
[Date "2012.12.13"]
[Round "2"]
[White "DaviBoeing"]
[Black "JBLOKO"]
[Result "1-0"]
[WhiteElo "1719"]
[BlackElo "1728"]

1. e4 e5 2. Qh5 d6 3. Nc3 Nf6 4. Qh4 Nc6 5. Nge2 Nxe4 6. Qxe4 f5 7. Qc4 Qd7 8.
Nd5 a6 9. a4 Kd8 10. d4 Na5 11. Bg5+ Be7 12. Bxe7+ Ke8 13. Qxc7 Nc6 14. Qxd7+
Kxd7 15. Nb6+ Kxe7 16. Nxa8 exd4 17. Nb6 Be6 18. O-O-O Rd8 19. Nxd4 Nxd4 20.
Rxd4 d5 21. c4 1-0

[Event "AUTO-INT-2395"]
[Site "http://www.queenalice.com/game.php?id=1130978"]
[Date "2012.12.13"]
[Round "2"]
[White "J_Ricardo"]
[Black "DaviBoeing"]
[Result "0-1"]
[WhiteElo "1600"]
[BlackElo "1707"]

1. e4 e5 2. Nf3 d6 3. d3 Nc6 4. Bg5 Be7 5. h4 h6 6. Bxe7 Qxe7 7. Nc3 Be6 8. Qd2
O-O-O 9. Na4 Bg4 10. O-O-O Nd4 11. Nxd4 Bxd1 12. Qxd1 exd4 13. f3 b5 14. Nb6+
cxb6 15. g4 g5 16. Kb1 gxh4 17. a3 d5 18. exd5 Rxd5 19. Bg2 Re5 20. f4 Re2 21.
Bf3 Rf2 22. Be4 Rxf4 23. Qd2 Rxg4 24. Bf5+ Kb7 25. Bxg4 Nf6 26. Re1 Qc7 27. Re2
Nxg4 28. Qe1 Ne3 29. c3 Nd5 30. cxd4 h3 31. Re5 Qc6 32. Qe4 Rd8 33. Qh4 f6 34.
Rf5 Ne3 35. Qxh3 Qc2+ 36. Ka2 Nd1 37. Qf3+ Ka6 38. Rxb5 Kxb5 39. a4+ Kxa4 40.
Qxd1 Qxd1 41. b3+ Qxb3+ 42. Ka1 Ka3 43. d5 Qb2# 0-1

[Event "AUTO-INT-2395"]
[Site "http://www.queenalice.com/game.php?id=1130979"]
[Date "2012.12.13"]
[Round "2"]
[White "DaviBoeing"]
[Black "J_Ricardo"]
[Result "1-0"]
[WhiteElo "1677"]
[BlackElo "1571"]

1. e4 e5 2. Qh5 d6 3. Bc4 g6 4. Qf3 Nf6 5. d3 Bg7 6. Bg5 c6 7. Bxf6 Bxf6 8. g4
Qe7 9. Nh3 Qd7 10. Qxf6 Rf8 11. Ng5 d5 12. exd5 cxd5 13. Bb3 Nc6 14. Ba4 a6 15.
Bxc6 bxc6 16. Nxh7 Rg8 17. Qg5 e4 18. Nf6+ Kd8 19. Nxd7+ Kxd7 20. Qf6 Rf8 21.
dxe4 dxe4 22. Qd4+ Kc7 23. Qxe4 Bb7 24. Qe7+ Kb6 25. Qb4+ Ka7 26. O-O Rab8 27.
Rd1 Rfe8 28. Qc5+ Ka8 29. Nc3 Rbc8 30. Na4 Kb8 31. Qb6 Re6 32. Rd7 c5 33. Qxb7#
1-0

[Event "Challenge"]
[Site "http://www.queenalice.com/game.php?id=1132853"]
[Date "2012.12.20"]
[Round "-"]
[White "Shizumaru_Hisame"]
[Black "DaviBoeing"]
[Result "1-0"]
[WhiteElo "1849"]
[BlackElo "1687"]

1. b3 e5 2. Bb2 Nc6 3. e3 Qg5 4. Nf3 Qh5 5. d4 exd4 6. Nxd4 Qxd1+ 7. Kxd1 Bc5 8.
Nxc6 dxc6 9. Bxg7 f6 10. Bxh8 b5 11. a4 a6 12. axb5 cxb5 13. Bxb5+ Bd7 14. Rxa6
Rxa6 15. Bxa6 Be6 16. Bd3 h6 17. Nc3 Kf7 18. Bh7 Ne7 19. Ne4 Bb4 20. Bxf6 c5 21.
Ke2 Bf5 22. Bxf5 Nxf5 23. Bb2 Ne7 24. Ra1 Nc6 25. Ra6 Ne7 26. Rxh6 Ba5 27. Nxc5
Nd5 28. h4 Ne7 29. h5 Ng8 30. Rh7+ Kf8 31. Ne6+ Ke8 32. Ba3 Bc3 33. b4 Ne7 34.
b5 Bf6 35. b6 Nc6 36. Rc7 Na5 37. Bb4 Be5 38. Rc5 Bd6 39. Rxa5 Bxb4 40. Ra7 Bd6
41. f4 Bxf4 42. Nxf4 1-0

[Event "Challenge"]
[Site "http://www.queenalice.com/game.php?id=1137845"]
[Date "2013.1.6"]
[Round "-"]
[White "blackwolf"]
[Black "DaviBoeing"]
[Result "0-1"]
[WhiteElo "1735"]
[BlackElo "1689"]

1. d4 d5 2. c4 dxc4 3. e4 b5 4. Nf3 Bg4 5. Be2 Nc6 6. Be3 g6 7. Nc3 a6 8. O-O b4
9. Nd5 e6 10. Nf4 g5 11. Nxg5 Bxe2 12. Nxe2 Bh6 13. Qa4 Ne7 14. d5 exd5 15. Rad1
O-O 16. exd5 Nxd5 17. Nxf7 Rxf7 18. Bxh6 Ne5 19. Qa5 c6 20. Qxd8+ Rxd8 21. Nf4
Rd6 22. Ne2 Rxh6 23. Ng3 Nd3 24. Rd2 a5 25. Ne4 N5f4 26. Ng3 c3 27. bxc3 bxc3
28. Rc2 Nd5 29. Ne2 N3b4 30. Rcc1 c2 31. a3 Re7 32. Nd4 Re4 33. Nxc2 Nxc2 34.
Rxc2 Ra4 35. Ra2 Nc3 36. Raa1 Nb5 37. g3 Rxa3 38. Rxa3 Nxa3 39. Ra1 Nc4 40. Kg2
Rd6 41. Ra4 Rd4 42. h4 Ne3+ 0-1

[Event "Challenge"]
[Site "http://www.queenalice.com/game.php?id=1137846"]
[Date "2013.1.6"]
[Round "-"]
[White "DaviBoeing"]
[Black "blackwolf"]
[Result "0-1"]
[WhiteElo "1699"]
[BlackElo "1689"]

1. e4 e5 2. Qh5 Nf6 3. Qxe5+ Be7 4. Nc3 O-O 5. Nd5 Nc6 6. Qxc7 Qxc7 7. Nxc7 Rb8
8. d3 a6 9. Bf4 Nh5 10. Nd5 Nxf4 11. Nxf4 d6 12. O-O-O Bg5 13. g3 Bg4 14. f3 Be6
15. Kb1 Bxf4 16. gxf4 f5 17. exf5 Bxf5 18. Ne2 Bg6 19. h4 Bh5 20. Bg2 Rbe8 21.
Ng3 Bg6 22. h5 Bf7 23. f5 Re7 24. f4 Rfe8 25. h6 Nb4 26. b3 Nd5 27. Bxd5 Bxd5
28. Rh5 Bf3 29. f6 gxf6 30. Nf5 Bxd1 31. Nxe7+ Rxe7 32. Rh1 Bf3 33. Rg1+ Kh8 34.
a4 Bh5 35. Kb2 f5 36. Kc3 Bg6 37. b4 b6 38. Kd4 Re2 39. Kd5 Rxc2 40. Kxd6 Rd2
41. Kc7 Rxd3 42. Kxb6 Rd4 43. Rc1 Rd8 44. a5 Be8 45. Kxa6 Rb8 46. Rb1 Kg8 47.
Ka7 Rb5 48. Ka6 Kf7 49. Re1 Bd7 50. Rd1 Be8 51. Rg1 Rxb4 52. Rg7+ Kf8 53. Rxh7
Rxf4 54. Kb6 Kg8 55. Rg7+ Kh8 56. a6 Rb4+ 57. Kc5 Rb8 58. a7 Ra8 59. Kb6 Bh5 60.
Rb7 Bf3 61. Rb8+ Kh7 62. Kc5 Be4 63. Rxa8 Bxa8 64. Kd4 Kxh6 65. Ke3 Kg5 66. Kf2
Kg4 67. Kg1 Kg3 68. Kf1 f4 69. Kg1 f3 70. Kf1 f2 0-1

[Event "Challenge"]
[Site "http://www.queenalice.com/game.php?id=1138268"]
[Date "2013.1.8"]
[Round "-"]
[White "DaviBoeing"]
[Black "nsarquis"]
[Result "0-1"]
[WhiteElo "1716"]
[BlackElo "1691"]

1. e4 e6 2. d4 d5 3. e5 c5 4. dxc5 Nc6 5. Bb5 Ne7 6. b4 a6 7. Bxc6+ Nxc6 8. Nf3
Nxb4 9. Ba3 Qa5 10. Bxb4 Qxb4+ 11. c3 Qxc5 12. O-O b5 13. Nd4 Qc7 14. Re1 Bc5
15. a4 b4 16. cxb4 Bxb4 17. Re2 a5 18. Nb5 Qb6 19. N1c3 O-O 20. Nd6 Ba6 21. Ncb5
Bxd6 22. exd6 Bxb5 23. axb5 Qxb5 24. Qc2 Rfc8 25. Qd2 a4 26. g3 Qc6 27. Qf4 a3
28. Rea2 Ra4 29. Qe5 Rd8 30. d7 d4 31. Rxa3 f6 32. Qh5 Rxa3 33. Rxa3 Qc1+ 34.
Kg2 Qxa3 35. Qe8+ Qf8 36. Qxe6+ Qf7 37. Qc6 Qxd7 38. Qc4+ Qd5+ 39. Qxd5+ Rxd5
40. Kf1 Re5 0-1

[Event "revanche?"]
[Site "http://www.queenalice.com/game.php?id=1154359"]
[Date "2013.2.22"]
[Round "-"]
[White "nsarquis"]
[Black "DaviBoeing"]
[Result "0-1"]
[WhiteElo "1708"]
[BlackElo "1701"]

1. e4 e5 2. Nf3 d6 3. d4 exd4 4. Nxd4 c5 5. Bf4 cxd4 6. Qxd4 Nc6 7. Bb5 Qa5+ 8.
Nc3 Qxb5 9. Nxb5 Nxd4 10. Nxd4 Nf6 11. e5 dxe5 12. Bxe5 Be7 13. O-O-O O-O 14. f3
Be6 15. g4 Bc5 16. Nxe6 fxe6 17. h4 Nd5 18. Rd2 Be3 19. h5 Rxf3 20. Rd1 Rf2 21.
Bd4 Rxd2 0-1